01187nam a22002057a 45000010005000000030006000050050017000110080041000280200018000690400029000870500008001160820008001241000026001322450080001582600052002383000040002905200603003306500019009337000029009529740FISKH20260203155043.0260203b cb ||||| |||| 00| 0 eng d a9781107660311 aFISKHbengcFISKHdFISKH aPZ7 a428 aBurt, Sally eAuthor  aCambridge primary English activity book 4 /cSally Burt and Debbie Ridgard  aCambridge :bCambridge University Press ,c2015 a136 pages :billustrations ;c28 cm aCambridge Primary English is a flexible, endorsed course written specifically to support Cambridge International Examinations' curriculum framework (Stages 1-6). This write-in Activity Book includes the following features. Activities which support, enrich and reinforce the core teaching in the Learner's Book, using the same themes and texts to enhance comprehension. Activities which are designed to build, practise and consolidate the reading and writing skills of all learners. Further activities and games targeting specific grammar and language points, extra writing and spelling activities.  aLearner's book aMedwell, Claire eAuthor